Science Quiz

Random Science or Math Quiz
Score 0/10 Timer 03:00
1 Play Today
% Correct
Cube
91%
Cube
85.8%
Cube
85.2%
Cube
84.5%
Cube
83.4%
Cube
82.9%
Cube
80.5%
Cube
78.7%
Cube
75.6%
Cube
65.9%
Remove Ads.
Support Sporcle.
Get the best of Sporcle when you Go Orange. This ad-free experience offers more features, more stats, and more fun while also helping to support Sporcle. Thank you for becoming a member.

You're not logged in!

Compare scores with friends on all Sporcle quizzes.
OR
Log In

Show Comments

Extras

Top Quizzes Today


Score Distribution

Your Account Isn't Verified!

In order to create a playlist on Sporcle, you need to verify the email address you used during registration. Go to your Sporcle Settings to finish the process.

Report this User

Report this user for behavior that violates our Community Guidelines.

Details: